书目信息 |
| 题名: |
你们所处的日本社会
|
|
| 作者: | 伊东光晴 著 ;谭晶华 注释 | |
| 分册: | ||
| 出版信息: | 上海 上海译文出版社 1985 |
|
| 页数: | 182页 | |
| 开本: | 19cm | |
| 丛书名: | ||
| 单 册: | ||
| 中图分类: | H369.4 | |
| 科图分类: | ||
| 主题词: | 日语--语言教学--语言读物 | |
| 电子资源: | ||
| ISBN: | ||
| 000 | 00711nam0 2200241 45 | |
| 001 | 0185014020 | |
| 005 | 20041214135843.6 | |
| 010 | @dCNY0.77 | |
| 091 | @a9188.274 | |
| 100 | @a19951101d1985 em y0chiy0121 ea | |
| 101 | 1 | @achi@cjpn |
| 102 | @aCN@b310000 | |
| 105 | @ay z 000yy | |
| 200 | 10 | @a你们所处的日本社会@Ani men suo chu de ri ben she hui@f(日)伊东光晴著@F(Ri)Yi Dong Guang Qing Zhu@g谭晶华注释 |
| 210 | @a上海@c上海译文出版社@d1985 | |
| 215 | @a182页@d19cm | |
| 606 | @a日语@x语言教学@x语言读物 | |
| 690 | @aH369.4@v3 | |
| 701 | 0 | @a伊东光晴@4著 |
| 702 | 0 | @a谭晶华@4注释@Atan jing hua |
| 801 | 0 | @aCN@b深圳图书馆@c20040510 |
| 801 | 2 | @aCN@bNLC@c20040510 |
| 905 | @dH369.4@e121@f1@b152893 | |
| 你们所处的日本社会/(日)伊东光晴著/谭晶华注释.-上海:上海译文出版社,1985 |
| 182页;19cm |
| ISBN :CNY0.77 |
| ● |
| 相关链接 |
|
|
|
|
正题名:你们所处的日本社会
索取号:H369.4/121
 
预约/预借
| 序号 | 登录号 | 条形码 | 馆藏地/架位号 | 状态 | 备注 |
| 1 | 0152893 | 001056109 | 第四借阅区/ [索取号:H369.4/121] | 在馆 | |
| 2 | 0152894 | 001056065 | 密集书库/ [索取号:H369.4/121] | 在馆 | |
| 3 | 0152895 | 001056083 | 密集书库/ [索取号:H369.4/121] | 在馆 | |
| 4 | 0152896 | 001056074 | 第二样本阅览室/ [索取号:H369.4/121] | 在馆 | |
| 5 | 0154364 | 001056092 | 密集书库/ [索取号:H369.4/121] | 在馆 |